000 00600nam a2200181 i 4500
001 70618
003 ES-MaACL
005 20230906170853.0
007 t|
008 040729s1963 sp f |||| | spa d
100 1 _aGardi, René.
_955492
245 1 0 _aVelos azules, tiendas rojas
_b: un viaje por las regiones desconocidas del Sahara Central /
_cRené Gardi ; versión por Francisco Payarols.
260 _aBarcelona :
_bLabor,
_c[1963]
300 _a273 p., 21 lám. ;
_c20 cm.
651 4 _aSahara-
_xDescripción.
_9137377
700 1 _aPayarols, Francisco.
_989715
852 _aES-MaACL
_jC-50921
999 _c70618
_d70618